000
00275nam a22001097a 4500
008
170116b xxu||||| |||| 00| 0 eng d
020
_a
9780781761000
041
_a
eng
080
_2
6TH
_a
618.2
245
_a
CONCEPTUAL BASES OF PROFESSIONAL NURSING
_c
HOOD, L.K
942
_2
udc
_c
BK
999
_c
2969
_d
2969